00492nam a2200145Ia 4500008004100000041000800041082001200049100001800061245004500079260004100124300003100165365001100196999001700207952012200224240624s9999 xx 000 0 und d aeng a658 DUE aDUERDEN DAVID aMANAGEMENT DEVELOPMENT ACTIVITIES CIPD T c2013aMumbaibBookland International axii, : 584 : p. : cm. ; 29 cRSb25 c24009d24009 00104070aIMTNbIMTNcRack 22-Ad2015-01-13eBBg4995.00l0o658 DUEp24009r2024-06-24 00:00:00t1w2024-06-24yBK